000 00626nam a2200181Ia 4500
003 IN-BaIIA
008 211028s9999 xx 000 0 eng d
040 _cIIA Library
080 _a083.7:621.316.35
_bISI
110 _aIndian Standards Institution
245 0 _aIndian Standard Marking and Arrangement for Switchgear Bus-Bars Main Connections and Auxilary Wiring
_cIndian Standards Institution
260 _aNew Delhi
_bIndian Standards Institution
_c1974
300 _a13p.
650 _aNASA Thesaurus
650 _aStandards
_98876
650 _aSwitchgear-Standards
_915177
942 _cBK
999 _c9023
_d9023